Rubik's cube quiz - Statistics

General Stats
  • This quiz has been taken 30 times
  • The average score is 7 of 15
Answer Stats
Hint Answer % Correct
Dodecahedron Megaminx
79%
Biggest even number cube you can buy 16x16
67%
The biggest cube you can buy 21x21
67%
1 bigger then the biggest wca event 8x8
67%
1x1
63%
The only shapeshifting wca event Square 1
63%
2x2
58%
3x3
58%
4x4
58%
5x5
58%
6x6
58%
A widely known shape shifting puzzle Mirror blocks
21%
Football like cube Ivy cube
13%
Pyraminx
8%
Shapeshifting puzzle that shangshou has a series of Pyramorphix
4%
No matching quizzes found
Score Distribution
Percent of People with Each Score
Percentile by Number Answered
Your Score History
You have not taken this quiz